Statistics for All RUSHia Members

Click here to take the quiz!

General Stats

  • This quiz has been taken 10 times
    (4 since last reset)
  • The average score is 10 of 27

Answer Stats

HintAnswer% Correct
4Crafting_Creeper
100%
1Gray
100%
2JJF
100%
6Nordic_Estonia
100%
3SCHWEIZERLAND
100%
15Blues
50%
12Candylord
50%
11Comicman
50%
19Cringe the Fridge
50%
17Cyota
50%
9Emird
50%
26Ichiro
50%
13Jannik
50%
7LeoTheBrit
50%
14Oskar
50%
21Annabeth
0%
23Baby Cheesus
0%
25Bella
0%
22Caramella
0%
16Essy
0%
24MariaFang
0%
5Michelle
0%
10Moony
0%
27Nuv2398
0%
18Perl
0%
8Poland
0%
20Red Eye Fan
0%

Score Distribution

Percentile by Number Answered

Percent of People with Each Score

Your Score History

You have not taken this quiz since the last reset